Zvýšenie súm stravného pri tuzemskej pracovnej ceste a jeho dosah v praxi

Opatrenie MPSVR SR č. 309/2016 Z. z. o sumách stravného o zvýšení stravného pre zamestnanca ako nárokovej náhrady pri tuzemskej pracovnej ceste. Zvýšenie súm stravného a dosah na pracovné cesty. Zvýšenie sumy stravného v časovom pásme 5 až 12 hodín a vplyv na paragraf 152 Zákonníka práce. Zvýšenie s...

Ausführliche Beschreibung

Gespeichert in:
Bibliographische Detailangaben
1. Verfasser: Minková, Ľuboslava
Format: Buchkapitel
Sprache:Slowakisch
Schlagworte:
Tags: Tag hinzufügen
Keine Tags, Fügen Sie das erste Tag hinzu!

MARC

LEADER 00000naa a2200000 4500
001 0227240
005 20221104112059.1
041 0 |a slo 
044 |a SK 
245 1 0 |a Zvýšenie súm stravného pri tuzemskej pracovnej ceste a jeho dosah v praxi  |c Ľuboslava Minková 
520 |a Opatrenie MPSVR SR č. 309/2016 Z. z. o sumách stravného o zvýšení stravného pre zamestnanca ako nárokovej náhrady pri tuzemskej pracovnej ceste. Zvýšenie súm stravného a dosah na pracovné cesty. Zvýšenie sumy stravného v časovom pásme 5 až 12 hodín a vplyv na paragraf 152 Zákonníka práce. Zvýšenie sumy stravného - dosah na zákon č. 595/2003 Z. z. o dani z príjmov v znení neskorších predpisov. 
610 2 0 |a cesty pracovné 
610 2 0 |a stravovanie spoločné 
610 2 0 |a poukážky 
610 2 0 |a zamestnanci 
610 2 0 |a zamestnávatelia 
610 2 0 |a legislatíva 
610 2 0 |a dane z príjmov 
610 2 0 |a náklady 
610 2 0 |a výdavky 
610 2 0 |a Slovensko 
100 1 |a Minková, Ľuboslava